000 00578cam a2200217ua 4500
005 20220929130404.0
008 200211n ii |||gr||||Z||||||eng
020 _a9788186423417
020 _a8186423419
040 _cMAIN
_aIN-DiNC
041 _deng
082 _a822
_bMAR
100 _aMarlowe, Christopher
_eauthor
245 _aDoctor Faustus/
_cby Marlowe Christopher
260 _aDelhi:
_bWorldview publications,
_c2016.
300 _aix, 289p.
650 _aEnglish drama
653 _aEnglish drama
700 _aMukherjee, Suroopa
_eEditor
942 _cBK
_2ddc
999 _c10829
_d10829